Inhuman Villains by Picture - Statistics

General Stats
  • This quiz has been taken 33 times
  • The average score is 4 of 15
Answer Stats
Picture Answer % Correct
Maximus the Mad
87%
Supreme-Intelligence
83%
Lash
39%
Maelstrom
35%
Lineage
30%
Seeker
17%
Vox
13%
Leonus
9%
Stallior
9%
the Unspoken
9%
Aireo
4%
Dyngo
4%
Falcona
4%
Hyinar
4%
Koyoti
4%
No matching quizzes found
Score Distribution
Percent of People with Each Score
Percentile by Number Answered
Your Score History
You have not taken this quiz